G7 Countries Leaders - Statistics

General Stats
  • This quiz has been taken 47 times
  • The average score is 8 of 15
Answer Stats
Country Role Answer % Correct
Germany Chancellor Angela Merkel
100%
United States President Donald Trump
100%
United Kingdom Queen Elizabeth II
100%
Canada Prime Minister Justin Trudeau
92%
United Kingdom Prime Minister Theresa May
83%
France President Emmanuel Macron
81%
European Union President of the European Council Donald Tusk
42%
Japan Prime Minister Shinzō Abe
42%
Japan Emperor Akihito
28%
European Union President of the European Commission Jean-Claude Juncker
25%
Italy President Sergio Mattarella
22%
Italy Prime Minister Paolo Gentiloni
17%
Germany President Frank-Walter Steinmeier
14%
France Prime Minister Édouard Philippe
11%
Canada Governor General David Johnston
8%
No matching quizzes found
Score Distribution
Percent of People with Each Score
Percentile by Number Answered
Your Score History
You have not taken this quiz